Documentación

محفوظ في:
التفاصيل البيبلوغرافية
التنسيق: نص
منشور في: Madrid: M.A.P.A.
الموضوعات:
الوسوم: إضافة وسم
لا توجد وسوم, كن أول من يضع وسما على هذه التسجيلة!

MARC

LEADER 00000 a a2200000 04500
001 28921
003
040
090 |a 148719  
245 |a Documentación  
260 |a Madrid:   |b M.A.P.A.  
300 |a p. irreg.; vol. 2  
650 |a MODOS DE PRODUCCION  
650 |a IDENTIDAD CULTURAL  
650 |a PEQUEÑOS AGRICULTORES  
650 |a GANADERIA  
650 |a POLITICA AGRARIA  
650 |a POBREZA  
999 |c 15576  |d 15576